Планирование на предприятии нефтегазового комплекса: учебник

Dettagli Bibliografici
Autore principale: Андреев А. Ф. Александр Федорович
Ente Autore: Российский государственный университет нефти и газа им. И. М. Губкина (РГУ Нефти и Газа)
Altri autori: Лопатина С. Г. Софья Григорьевна, Шпакова З. Ф. Зоя Федоровна
Riassunto:В учебнике рассмотрены задачи, принципы и методы планирования производственно-коммерческой деятельности промышленных организаций нефтегазового комплекса, система планов этих организаций, особенности и методика разработки стратегических планов, маркетинговая стратегия организаций. Большое внимание уделено вопросам текущего планирования производства и реализации продукции, потенциала предприятия, технического обслуживания производства, планирования издержек производства и финансовых результатов, прибыли и рентабельности, разработки финансового плана, бизнес-планирования, использования программных продуктов в планировании и т.д. Учебник подготовлен в соответствии с программой дисциплины «Планирование на предприятии нефтегазового комплекса» для студентов экономических и технических специальностей нефтегазовых вузов и факультетов. Может быть использован в системе повышения квалификации и переподготовки кадров.
Lingua:russo
Pubblicazione: Москва, Недра, 2010
Soggetti:
Natura: MixedMaterials Libro
KOHA link:https://koha.lib.tpu.ru/cgi-bin/koha/opac-detail.pl?biblionumber=196426

MARC

LEADER 00000nam0a2200000 4500
001 196426
005 20231101224706.0
010 |a 9785836503574 
035 |a (RuTPU)RU\TPU\book\214289 
090 |a 196426 
100 |a 20110524d2010 m y0rusy50 ca 
101 0 |a rus 
102 |a RU 
105 |a a j 001zy 
200 1 |a Планирование на предприятии нефтегазового комплекса  |e учебник  |f А. Ф. Андреев, С. Г. Лопатина, З. Ф. Шпакова  |g Российский государственный университет нефти и газа им. И. М. Губкина (РГУ Нефти и Газа) 
210 |a Москва  |c Недра  |d 2010 
215 |a 299 с.  |c ил. 
320 |a Библиогр.: с. 298. 
330 |a В учебнике рассмотрены задачи, принципы и методы планирования производственно-коммерческой деятельности промышленных организаций нефтегазового комплекса, система планов этих организаций, особенности и методика разработки стратегических планов, маркетинговая стратегия организаций. Большое внимание уделено вопросам текущего планирования производства и реализации продукции, потенциала предприятия, технического обслуживания производства, планирования издержек производства и финансовых результатов, прибыли и рентабельности, разработки финансового плана, бизнес-планирования, использования программных продуктов в планировании и т.д. Учебник подготовлен в соответствии с программой дисциплины «Планирование на предприятии нефтегазового комплекса» для студентов экономических и технических специальностей нефтегазовых вузов и факультетов. Может быть использован в системе повышения квалификации и переподготовки кадров. 
606 1 |a Нефтяные предприятия  |x Планирование  |2 stltpush  |3 (RuTPU)RU\TPU\subj\46015  |9 55886 
610 1 |a нефтегазовые предприятия 
610 1 |a стратегическое планирование 
610 1 |a маркетинговая стратегия 
610 1 |a планы 
610 1 |a контроль 
610 1 |a анализ 
610 1 |a показатели 
610 1 |a продукция 
610 1 |a ресурсное обеспечение 
610 1 |a труд 
610 1 |a инновационная деятельность 
610 1 |a техническое обслуживание 
610 1 |a издержки 
610 1 |a финансирование 
610 1 |a финансовые планы 
610 1 |a бизнес-планы 
610 1 |a система планов 
610 1 |a информационные технологии 
610 1 |a учебники 
675 |a 622.323.012:658.012(075.8)  |v 3 
700 1 |a Андреев  |b А. Ф.  |g Александр Федорович 
701 1 |a Лопатина  |b С. Г.  |g Софья Григорьевна 
701 1 |a Шпакова  |b З. Ф.  |g Зоя Федоровна 
712 0 2 |a Российский государственный университет нефти и газа им. И. М. Губкина (РГУ Нефти и Газа)  |c (Москва)  |c (1998- )  |2 stltpush  |3 (RuTPU)RU\TPU\col\408 
801 1 |a RU  |b 63413507  |c 20110524 
801 2 |a RU  |b 63413507  |c 20140709  |g RCR 
900 |a Планирование на предприятии 
942 |c BK 
951 |b 080000